[Event "IECC KO email"]
[Site "IECC email"]
[Date "1999.01.21"]
[Round "?"]
[White "Kube, Martin"]
[Black "Ault, Kevin F"]
[Result "1-0"]
[WhiteElo "1116"]
[BlackElo "1177"]
[PlyCount "75"]
[EventDate "1999.??.??"]
[EventType "tourn (corr)"]
[EventRounds "6"]
[SourceTitle "Corr 2008"]
[Source "ChessBase"]
[SourceDate "2008.06.24"]
[SourceVersion "1"]
[SourceVersionDate "2008.06.24"]
[SourceQuality "1"]

1. d4 b5 2. e4 a6 3. f3 Bb7 4. Be3 e6 5. Nd2 Nf6 6. Bd3 h6 7. Ne2 Nc6 8. a3 Be7 9. 0-0 0-0 10. Qe1 Nh7 11. f4 f5 12. e5 d6 13. Nf3 Rf7 14. Qd1 Qd7 15. b4 g6 16. c4 bxc4 17. Bxc4 d5 18. Bb3 Raf8 19. Ba4 Qc8 20. Qc2 Nd8 21. b5 Rg7 22. Rfc1 axb5 23. Bxb5 c6 24. Bd3 g5 25. a4 gxf4 26. Bxf4 Ng5 27. Nxg5 hxg5 28. Bd2 f4 29. a5 f3 30. a6 fxe2 31. axb7 Qxb7 32. Bxe2 Rgf7 33. Rf1 Qb6 34. Be3 Nb7 35. Rxf7 Rxf7 36. Qg6+ Rg7 37. Qe8+ Kh7 38. Bd3+ 1-0

[Event "IECC P email"]
[Site "IECC email"]
[Date "1998.10.24"]
[Round "?"]
[White "Kube, Martin"]
[Black "Forsyth, Mark"]
[Result "1-0"]
[WhiteElo "1088"]
[BlackElo "942"]
[PlyCount "77"]
[EventDate "1998.??.??"]
[EventType "tourn (corr)"]
[EventRounds "6"]
[SourceTitle "Corr 2008"]
[Source "ChessBase"]
[SourceDate "2008.06.24"]
[SourceVersion "1"]
[SourceVersionDate "2008.06.24"]
[SourceQuality "1"]

1. d4 e6 2. c4 Nc6 3. Nf3 Nf6 4. Nc3 Bb4 5. Bd2 d5 6. a3 Ba5 7. b4 Bb6 8. c5 Ne4 9. cxb6 axb6 10. e3 0-0 11. Nxe4 dxe4 12. Ne5 f6 13. Nxc6 bxc6 14. Bc4 b5 15. Bb3 h5 16. Qxh5 Qe8 17. Qxe8 Rxe8 18. 0-0 f5 19. a4 Ba6 20. Rfc1 Rad8 21. axb5 Bxb5 22. Bc4 Bxc4 23. Rxc4 Rd6 24. Ra6 g6 25. Raxc6 Rxc6 26. Rxc6 Re7 27. b5 g5 28. Ba5 e5 29. Rxc7 Re6 30. b6 Re8 31. b7 exd4 32. Rc8 Rxc8 33. bxc8Q+ Kf7 34. Qc6 f4 35. Bd8 fxe3 36. Qf6+ Kg8 37. fxe3 dxe3 38. Be7 Kh7 39. Bf8 1-0

[Event "IECC M email"]
[Site "IECC email"]
[Date "1998.10.10"]
[Round "?"]
[White "Kube, Martin"]
[Black "Keller, Stephen G"]
[Result "1-0"]
[WhiteElo "1050"]
[BlackElo "962"]
[PlyCount "63"]
[EventDate "1998.??.??"]
[EventType "tourn (corr)"]
[EventRounds "12"]
[SourceTitle "Corr 2008"]
[Source "ChessBase"]
[SourceDate "2008.06.24"]
[SourceVersion "1"]
[SourceVersionDate "2008.06.24"]
[SourceQuality "1"]

1. d4 d5 2. c4 dxc4 3. Nf3 e6 4. e3 Bb4+ 5. Bd2 Bxd2+ 6. Qxd2 Nf6 7. Bxc4 Ne4 8. Qc2 Nd6 9. Bd3 0-0 10. Bxh7+ Kh8 11. Bd3 Nc6 12. a3 Re8 13. Nc3 e5 14. dxe5 Nxe5 15. Nxe5 Rxe5 16. h4 Be6 17. Qe2 f6 18. h5 Kg8 19. h6 gxh6 20. 0-0-0 Kg7 21. f4 Rc5 22. Qf2 Bb3 23. Bc2 Bxc2 24. Qxc2 Qe8 25. Rhe1 Qg6 26. Qxg6+ Kxg6 27. Kc2 a5 28. Rd5 Rxd5 29. Nxd5 c6 30. Nc3 Re8 31. Kd3 b5 32. g4 1-0

[Event "IECC M email"]
[Site "IECC email"]
[Date "1998.05.09"]
[Round "?"]
[White "Kube, Martin"]
[Black "Humen, John F"]
[Result "1/2-1/2"]
[WhiteElo "1022"]
[BlackElo "1144"]
[PlyCount "68"]
[EventDate "1998.??.??"]
[EventType "tourn (corr)"]
[EventRounds "12"]
[SourceTitle "Corr 2008"]
[Source "ChessBase"]
[SourceDate "2008.06.24"]
[SourceVersion "1"]
[SourceVersionDate "2008.06.24"]
[SourceQuality "1"]

1. d4 d5 2. c4 e6 3. Nc3 Nf6 4. Bg5 Be7 5. e3 0-0 6. Nf3 Nbd7 7. Rc1 c6 8. Bd3 c5 9. cxd5 exd5 10. dxc5 Nxc5 11. h3 Nxd3+ 12. Qxd3 h6 13. Bh4 g5 14. Bg3 Be6 15. Rd1 Qa5 16. a3 Rac8 17. 0-0 g4 18. hxg4 Nxg4 19. Nxd5 Rce8 20. Nxe7+ Rxe7 21. Nd4 Qh5 22. Nxe6 Rxe6 23. Qd5 Qg6 24. Bf4 Rb6 25. b4 Nf6 26. Qc5 Ne4 27. Qc7 Ng5 28. Bxg5 hxg5 29. Rd8 Rxd8 30. Qxd8+ Kg7 31. Rd1 Qh6 32. Rd5 Rf6 33. Qe7 Qg6 34. Qxb7 Qb1+ 1/2-1/2